| 000 | 01410cam a22004097i 4500 | ||
|---|---|---|---|
| 999 |
_c526144 _d526144 |
||
| 001 | 20579394 | ||
| 003 | NUST | ||
| 005 | 20190709051627.0 | ||
| 007 | cr ||||||||||| | ||
| 008 | 180712s2018 pk ob 000 0 eng | ||
| 010 | _a 2018306386 | ||
| 020 | _a9789699370298 | ||
| 038 | _aMuhammad Ibrahim | ||
| 040 |
_aDLC _beng _cDLC _erda |
||
| 042 | _alcode | ||
| 043 | _aa-pk--- | ||
| 050 | 0 | 0 | _aLC910.P3 |
| 082 |
_a370.95491 _bAFT 2018 |
||
| 245 | 0 | 0 |
_aAfter study hours : _bexploring the Madrassah mindset. |
| 246 | 3 | 0 | _aExploring the Madrassah mindset |
| 250 | _aEdition first. | ||
| 264 | 1 |
_aIslamabad : _bPak Institute for Peace Studies, _c2018. |
|
| 300 |
_a1 online resource (132 pages) : _bcolor illustrations, digital, PDF file |
||
| 336 |
_atext _2rdacontent |
||
| 337 |
_acomputer _2rdamedia |
||
| 338 |
_aonline resource _2rdacarrier |
||
| 504 | _aIncludes bibliographical references. | ||
| 588 | _aTitle from PDF file as viewed on 7/12/2018. | ||
| 650 | 0 |
_aIslamic education _zPakistan. _917113 |
|
| 650 | 0 |
_aIslamic religious education _zPakistan. _917084 |
|
| 650 | 0 |
_aMadrasahs _zPakistan. _917086 |
|
| 710 | 2 |
_aPak Institute for Peace Studies. _97144 |
|
| 856 | 4 | 0 | _uhttps://www.pakpips.com/web/wp-content/uploads/2018/01/Exploring_the_Madrassah_Mindset.pdf |
| 906 |
_a0 _bibc _corigode _du _encip _f20 _gy-gencompf |
||
| 942 |
_2ddc _cBK |
||